| 000 | 01119nam2a2200277 4500 | ||
|---|---|---|---|
| 001 | RU\NLR\bibl\1273310 | ||
| 005 | 20250615134823.0 | ||
| 010 | _a978-5-9932-0019-4 | ||
| 010 |
_a978-5-9932-0018-7 _910000 |
||
| 021 |
_aRU _b2008-57425 _93198 |
||
| 035 | _a(NLR Aleph) 001259168 | ||
| 090 |
_a368022 _c368022 |
||
| 100 | _a20080915d2008 |||y0rusy50 ca | ||
| 101 | 0 | _arus | |
| 102 | _aRU | ||
| 105 | _aa ||||||||| | ||
| 200 | 0 | _aЧ. 2 | |
| 210 |
_d2008 _aБ. м. |
||
| 215 |
_a253, [2] с. _cил., портр. |
||
| 320 | _aБиблиогр.: с. 251-254 | ||
| 461 | 0 |
_1001RU\NLR\bibl\1302102 _12001#$aПраво$vЧ. 2 _9539213 _aПевцова, Е. А. _cМосква _d2008 _e5-е изд., испр. и доп. _fЕ.А. Певцова _nРусское слово _oосновы правовой культуры : учебник для 11 класса общеобразовательных учреждений. Базовый и профильный уровни : [в 2 ч.] _tПраво _vЧ. 2 |
|
| 801 | 0 |
_aRU _bNLR _c20080915 _gRCR |
|
| 801 | 1 |
_aRU _bNLR _c20080915 |
|
| 942 | _cBOOK | ||
| 980 | _aNB | ||